Fluid mechanics (Record no. 83946)

MARC details
000 -LEADER
fixed length control field 00863 a2200289 4500
003 - CONTROL NUMBER IDENTIFIER
control field CBULib
005 - DATE AND TIME OF LATEST TRANSACTION
control field 20240919103314.0
008 - FIXED-LENGTH DATA ELEMENTS--GENERAL INFORMATION
fixed length control field 240111b |||||||| |||| 00| 0 eng d
020 ## - INTERNATIONAL STANDARD BOOK NUMBER
International Standard Book Number 9780124059351
040 ## - CATALOGING SOURCE
Language of cataloging English
Transcribing agency CBULib
Description conventions rda
041 ## - LANGUAGE CODE
Language code of text/sound track or separate title eng
050 ## - LIBRARY OF CONGRESS CALL NUMBER
Classification number QA 901 Kun
100 ## - MAIN ENTRY--PERSONAL NAME
Personal name Kundu, Pijush K.
245 ## - TITLE STATEMENT
Title Fluid mechanics
Statement of responsibility, etc / by Pijush K. Kundu; Ira M. Cohen; David R. Dowling and Gretar Tryggvason
250 ## - EDITION STATEMENT
Edition statement Sixth edition
260 ## - PUBLICATION, DISTRIBUTION, ETC. (IMPRINT)
Name of publisher, distributor, etc Elsevier,
Date of publication, distribution, etc 2016
Place of publication, distribution, etc Oxford :
300 ## - PHYSICAL DESCRIPTION
Extent xxiii, 921 pages : illustrations
336 ## - CONTENT TYPE
Source rdacontent
Content type term Text |
Content type code txt
337 ## - MEDIA TYPE
Source rdamedia
Media type term Unmediated |
Media type code n
338 ## - CARRIER TYPE
Source rdacarrier
Carrier type term Volume
Carrier type code nc
650 #0 - SUBJECT ADDED ENTRY--TOPICAL TERM
9 (RLIN) 1586
Topical term or geographic name as entry element FLUID MECHANICS
650 #0 - SUBJECT ADDED ENTRY--TOPICAL TERM
9 (RLIN) 1589
Topical term or geographic name as entry element MECHANICS
700 ## - ADDED ENTRY--PERSONAL NAME
9 (RLIN) 1590
Personal name Cohen, Ira M
700 ## - ADDED ENTRY--PERSONAL NAME
9 (RLIN) 1592
Personal name Dowling, David R
700 ## - ADDED ENTRY--PERSONAL NAME
9 (RLIN) 1593
Personal name Tryggvason, Gretar
942 ## - ADDED ENTRY ELEMENTS (KOHA)
Source of classification or shelving scheme
Koha item type MONOGRAPH
Holdings
Withdrawn status Lost status Source of classification or shelving scheme Damaged status Not for loan Collection code Permanent Location Current Location Shelving location Date acquired Source of acquisition Cost, normal purchase price Total Checkouts Full call number Barcode Date last seen Price effective from Koha item type Copy number
          Main Library Open Access Collection CBU-MAIN LIBRARY, KITWE. CBU-MAIN LIBRARY, KITWE. General Stacks 01/11/2024 DON-BOOKAID 99.33   QA 901 Kun 905657 01/11/2024 01/11/2024 MONOGRAPH  
          Main Library Open Access Collection CBU-MAIN LIBRARY, KITWE. CBU-MAIN LIBRARY, KITWE. General Stacks 01/11/2024 DON-BOOKAID 99.33   QA 901 Kun 905658 01/11/2024 01/11/2024 MONOGRAPH 2
          CBU-Lusaka Campus CBU- LUSAKA CAMPUS CBU-MAIN LIBRARY, KITWE. General Stacks 09/19/2024 DON-BOOKAID 99.33   QA 901 Kun 752773 09/19/2024 09/19/2024 MONOGRAPH 3